Statistics for Paul Giamatti Filmography

Click here to take the quiz!

General Stats

  • This quiz has been taken 38 times
    (3 since last reset)
  • The average score is 55 of 146

Answer Stats

TypeYearName% Correct
Film2014The Amazing Spider-Man 2
100%
Film2023The Holdovers
100%
Film201312 Years a Slave
67%
Film2006Asterix and the Vikings
67%
Film2010Barney's Version
67%
Film2000Big Momma's House
67%
TV Show2016-2023Billions
67%
Film2005Cinderella Man
67%
Film1998Dr. Dolittle
67%
Film2007Fred Claus
67%
Film1997My Best Friend's Wedding
67%
Film1997Private Parts
67%
Film1995Sabrina
67%
Film1998Saving Private Ryan
67%
Film2004Sideways
67%
Film2006The Illusionist
67%
Film2016The Phenom
67%
Film1998The Truman Show
67%
TV Show202330 Coins
33%
TV Show201030 Rock
33%
Film1998A Further Gesture
33%
Film2013All Is Bright
33%
Documentary Series1999American Experience
33%
Film2003American Splendor
33%
Film2021A Mouthful of Air
33%
Theater2018Antigone in Ferguson
33%
Film2016April and the Extraordinary World
33%
Theater1995Arcadia
33%
Film1997Arresting Gena
33%
Audiobook2006A Scanner Darkly
33%
Theater1994As You Like It
33%
TV Show2017At Home with Amy Sedaris
33%
Theater1994Baby Anger
33%
Film1996Before and After
33%
Documentary Series2022Benjamin Franklin
33%
Film2002Big Fat Liar
33%
Web Series2020Big Mouth
33%
Web Series2017BoJack Horseman
33%
Documentary Series2015Breakthrough
33%
Film1996Breathing Room
33%
Commercial2021Burger King
33%
Podcast2023Chinwag
33%
Film2009Cold Souls
33%
Film2003Confidence
33%
Film2012Cosmopolis
33%
Film1999Cradle Will Rock
33%
Film1997Deconstructing Harry
33%
Film1997Donnie Brasco
33%
TV Show2013Downton Abbey
33%
Film2000Duets
33%
Film2009Duplicity
33%
Short Film2012Enduring Legacy
33%
Film2014Ernest & Celestine
33%
Short Film2015Giant Sloth
33%
Short Film2015Goldfish
33%
Film2021Gunpowder Milkshake
33%
Theater2013Hamlet
33%
TV Film2014Hoke
33%
TV Show1998Homicide: Life on the Street
33%
TV Film2000If These Walls Could Talk 2
33%
TV Show2014, 2015Inside Amy Schumer
33%
Film2011Ironclad
33%
Film2018I Think We're Alone Now
33%
TV Mini-Series2008John Adams
33%
Film2012John Dies at the End
33%
Film2021Jungle Cruise
33%
TV Show2001King of the Hill
33%
Film2006Lady in the Water
33%
Commercial2013Liberty Mutual
33%
TV Show2019Lodge 49
33%
Film2015love&mercy
33%
Film2014Madame Bovary
33%
Film1999Man on the Moon
33%
Film1995Mighty Aphrodite
33%
Film2016Morgan
33%
Documentary Series2012, 2018, 2021, 2022Nature
33%
Documentary Series1999-2001New York: A Documentary Film
33%
TV Show1995New York News
33%
Commercial2006Nike
33%
TV Show1994NYPD Blue
33%
Film2013Parkland
33%
Film1991Past Midnight
33%
Film2003Paycheck
33%
Film2001Planet of the Apes
33%
Film2008Pretty Bird
33%
Film2018Private Life
33%
Documentary Mini-Series2011Prohibition
33%
Theater1995Racing Demon
33%
Film2016Ratchet & Clank
33%
Video Game2016Ratchet & Clank
33%
TV Show2020, 2022Rick and Morty
33%
Video Game1996Ripper
33%
Film2014River of Fundament
33%
Film2005Robots
33%
Film2012Rock of Ages
33%
Film2013Romeo & Juliet
33%
Film1998Safe Men
33%
Theater1993Saint Joan and the Stockyards
33%
Film2015San Andreas
33%
FilmTBASan Andreas 2
33%
TV Show2005Saturday Night Live
33%
Film2013Saving Mr. Banks
33%
TV Film1990She'll Take Romance
33%
Film2007Shoot 'Em Up
33%
Film1992Singles
33%
Audiobook2019Stay Sexy & Don't Get Murdered
33%
Film2001Storytelling
33%
Film2015Straight Outta Compton
33%
TV Show2023Teenage Euthanasia
33%
TV Short2006The Amazing Screw-On Head
33%
Documentary Mini-Series2023The American Buffalo
33%
Theater1988The American Clock
33%
Film2006The Ant Bully
33%
Theater1996The Blues are Running
33%
Film2018The Catcher Was a Spy
33%
Film2013The Congress
33%
Short Film2005The Fan and the Flower
33%
Film2011The Hangover Part II
33%
Film2009The Haunted World of El Superbeasto
33%
Film2006The Hawk Is Dying
33%
Theater1999The Iceman Cometh
33%
Film2011The Ides of March
33%
Film2009The Last Station
33%
Theater1988The Legend of Oedipus
33%
Film2015The Little Prince
33%
Film2007The Nanny Diaries
33%
Film1998The Negotiator
33%
Documentary Series2016The New Yorker Presents
33%
TV Film2003The Pentagon Papers
33%
Theater1988, 2002The Resistible Rise of Arturo Ui
33%
Documentary Mini-Series2014The Roosevelts: An Intimate History
33%
TV Show1996The Show
33%
Documentary Mini-Series2021The Sons of Sam: A Descent into Darkness
33%
Theater1997The Three Sisters
33%
Documentary Mini-Series2022The U.S. and the Holocaust
33%
Film2002Thunderpants
33%
Theater1988Tom Jones
33%
TV Film2011Too Big to Fail
33%
Film2007Too Loud a Solitude
33%
TV Film1998Tourist Trap
33%
Film2013Turbo
33%
Commercial2022-PresentVerizon
33%
Short Film2020Wax Paul Now
33%
Film2018White Fang
33%
TV Film1998Winchell
33%
Film2011Win Win
33%

Score Distribution

Percentile by Number Answered

Percent of People with Each Score

Your Score History

You have not taken this quiz since the last reset